|
|
|
|
| LEADER |
00000nab a2200000 a 4500 |
| 001 |
vtls008704669 |
| 003 |
SK-MaSNL |
| 005 |
20260305015245.0 |
| 008 |
250505c2006 xo |||||||||||000 b|slo |
| 015 |
|
|
|a SNBRB2006/05
|2 snkbucl
|
| 035 |
|
|
|a urn:nbn:sk:snk-ab7w4b
|
| 035 |
|
|
|a (urnnbn)urn:nbn:sk:snk:ar-004lw0
|
| 035 |
|
|
|a (uuid)2c68266b-7cbf-480e-a0f1-5e5f7712a297
|
| 038 |
|
|
|a SNKBUCL
|
| 040 |
|
|
|a SNKBUCL
|b slo
|c SNKBUCL
|e AACR2
|
| 041 |
0 |
|
|a slo
|
| 044 |
|
|
|a xo
|c SK
|
| 080 |
|
|
|a 355.02:327.51
|x (437.6)
|2 1997
|
| 080 |
|
|
|a 354.61
|x (437.6)
|2 1997
|
| 080 |
|
|
|a 327.51
|x (100)
|x (437.6)
|2 1997
|
| 100 |
1 |
|
|a Fedor, Martin,
|d 1974-
|4 aut
|9 103820
|
| 245 |
1 |
0 |
|a Úsilie o plnohodnotné členstvo
|c Martin Fedor
|
| 300 |
|
|
|b Fotogr.
|
| 610 |
1 |
7 |
|a Slovensko.
|b Ozbrojené sily
|2 snkbucl
|9 88133
|
| 610 |
2 |
7 |
|a NATO
|2 snkbucl
|9 33599
|
| 610 |
1 |
7 |
|a Slovensko.
|b Ministerstvo obrany
|2 snkbucl
|9 114952
|
| 650 |
0 |
7 |
|a bezpečnostná politika
|2 snkbucl
|9 1647
|
| 773 |
0 |
|
|t Obrana
|g Roč. 14, č. 2 (2006), s. 29
|x 1336-2910
|
| 850 |
|
|
|a Slovenská národná knižnica
|
| 852 |
|
|
|a Slovenská národná knižnica
|
| 954 |
|
|
|a odborná, vedecká literatúra pôvodná (slovenská)
|2 lita
|
| 958 |
|
|
|a article9
|
| 958 |
|
|
|a OND
|
| 958 |
|
|
|a SK
|
| 958 |
|
|
|a EUIPO
|
| 999 |
|
|
|c 3273921
|d 3275851
|